[Event "Catalunya-ch Seniors"]
[Site "Malgrat del Mar"]
[Date "2023.05.14"]
[Round "1"]
[White "Garcia Paolicchi, Raul"]
[Black "Codina Garcia, Jose"]
[Result "1/2-1/2"]
[WhiteElo "2090"]
[BlackElo "1865"]
[PlyCount "69"]
[EventDate "2023.05.14"]
[EventType "swiss"]
[EventRounds "8"]
[EventCountry "ESP"]
[SourceTitle "CBM 214 Extra"]
[Source "ChessBase"]
[SourceDate "2023.07.31"]
[SourceVersion "1"]
[SourceVersionDate "2023.07.31"]
[SourceQuality "1"]

1. d4 Nf6 2. Nf3 e6 3. g3 d5 4. Bg2 Be7 5. 0-0 0-0 6. c4 Nbd7 7. Qc2 c6 8. Nbd2 b6 9. e4 Bb7 10. e5 Ne8 11. cxd5 exd5 12. Rd1 Nc7 13. b3 Ne6 14. Bb2 Rc8 15. Rac1 Rc7 16. Nf1 Qa8 17. Ne3 Rfc8 18. Nf5 Bf8 19. Nd6 Rd8 20. Nxb7 Qxb7 21. Qd2 h6 22. Nh4 Qa6 23. Ba1 Qc8 24. Nf5 c5 25. Nd6 Bxd6 26. exd6 Rc6 27. dxc5 Ndxc5 28. Qxd5 Rcxd6 29. Qxd6 Rxd6 30. Rxd6 Qa6 31. Rd2 Qa3 32. Rcd1 Qb4 33. h4 a5 34. Bd5 a4 35. bxa4 1/2-1/2

[Event "Catalunya-chT Gp2"]
[Site "Barcelona"]
[Date "2022.03.05"]
[Round "7.10"]
[White "Gomez Benitez, David Isaac"]
[Black "Codina Garcia, Jose"]
[Result "1-0"]
[WhiteElo "1977"]
[BlackElo "1889"]
[PlyCount "65"]
[EventDate "2022.01.22"]
[EventType "team-tourn"]
[EventRounds "9"]
[EventCountry "ESP"]
[SourceTitle "CBM 208 Extra"]
[Source "ChessBase"]
[SourceDate "2022.07.31"]
[SourceVersion "1"]
[SourceVersionDate "2022.07.31"]
[SourceQuality "1"]
[WhiteTeam "Barbera"]
[BlackTeam "Lleida"]
[WhiteTeamCountry "ESP"]
[BlackTeamCountry "ESP"]

1. e4 d5 2. exd5 Qxd5 3. Nc3 Qd6 4. d4 Nf6 5. Nf3 Bg4 6. Nb5 Qd8 7. Bf4 Na6 8. Bc4 e6 9. h3 Bxf3 10. Qxf3 c6 11. 0-0 Be7 12. Nc3 Nb4 13. Rad1 0-0 14. a3 Nbd5 15. Nxd5 Nxd5 16. Bh2 Bd6 17. Be5 f6 18. Bxd6 Qxd6 19. Rfe1 Rae8 20. Re4 Rf7 21. Rde1 Rfe7 22. Bb3 b5 23. c4 bxc4 24. Bxc4 Nc7 25. Qe2 Kh8 26. Qh5 e5 27. Bf7 g6 28. Bxg6 Rg8 29. Bf5 Reg7 30. dxe5 fxe5 31. Rg4 Nd5 32. Rxg7 Rxg7 33. Qe8+ 1-0

[Event "Estadilla op 33rd"]
[Site "Estadilla"]
[Date "2019.05.19"]
[Round "3"]
[White "Codina Garcia, Jose"]
[Black "Quintin Navarro, Alberto"]
[Result "1/2-1/2"]
[WhiteElo "2044"]
[BlackElo "2384"]
[PlyCount "106"]
[EventDate "2019.05.19"]
[EventType "swiss (rapid)"]
[EventRounds "9"]
[EventCountry "ESP"]
[SourceTitle "EXT 2020"]
[Source "ChessBase"]
[SourceDate "2019.10.17"]
[SourceVersion "1"]
[SourceVersionDate "2019.10.17"]
[SourceQuality "1"]

1. d4 Nf6 2. Nc3 d5 3. Bg5 Nbd7 4. e3 h6 5. Bh4 e6 6. a3 Be7 7. Nf3 0-0 8. Bd3 c5 9. 0-0 a6 10. Re1 b5 11. Bg3 Bb7 12. Nb1 c4 13. Bf1 a5 14. c3 b4 15. axb4 axb4 16. Nbd2 Rxa1 17. Qxa1 Qb6 18. b3 Ra8 19. Qb2 bxc3 20. Qxc3 Bb4 21. Qc2 c3 22. Nb1 Ne4 23. Rc1 Ba6 24. Ne1 Bxf1 25. Kxf1 Qb5+ 26. Kg1 Ndf6 27. f3 Nxg3 28. hxg3 Qb8 29. Nxc3 Bxc3 30. Qxc3 Qxg3 31. Qd2 Ne8 32. Rb1 Nd6 33. Nd3 Rb8 34. Nc5 h5 35. Qf2 Qg5 36. f4 Qg6 37. Rc1 Ne4 38. Qc2 Nxc5 39. Qxg6 fxg6 40. Rxc5 Rxb3 41. Kf2 Kf7 42. g3 Kf6 43. Rc7 Rb8 44. Kf3 Rf8 45. Ra7 g5 46. Ra1 g4+ 47. Kf2 Rb8 48. Rh1 Rb2+ 49. Kg1 Rb1+ 50. Kg2 Rxh1 51. Kxh1 Kf5 52. Kg2 Ke4 53. Kf2 Kd3 1/2-1/2

[Event "Catalunya-chT Gp1"]
[Site "Barcelona"]
[Date "2017.02.25"]
[Round "6.7"]
[White "Codina Garcia, Jose"]
[Black "Parramon Ros, Francesco"]
[Result "1/2-1/2"]
[WhiteElo "2126"]
[BlackElo "2093"]
[PlyCount "139"]
[EventDate "2017.01.21"]
[EventType "team-tourn"]
[EventRounds "7"]
[EventCountry "ESP"]
[SourceTitle "EXT 2018"]
[Source "ChessBase"]
[SourceDate "2017.10.13"]
[SourceVersion "1"]
[SourceVersionDate "2017.10.13"]
[SourceQuality "1"]
[WhiteTeam "Lleida"]
[BlackTeam "Gerunda"]
[WhiteTeamCountry "ESP"]
[BlackTeamCountry "ESP"]

1. Nf3 d5 2. d4 e6 3. c4 c6 4. e3 f5 5. Nc3 Nf6 6. Bd3 Bd6 7. 0-0 0-0 8. c5 Bc7 9. b4 Nbd7 10. Qc2 Ne4 11. g3 Qe8 12. Ne1 e5 13. f4 Nxc3 14. Qxc3 e4 15. Be2 Nf6 16. a4 Bd7 17. Qb3 a6 18. Ra2 Kh8 19. a5 Rg8 20. Ng2 Qe6 21. h4 Be8 22. Qd1 Bf7 23. Kf2 Qe8 24. Rh1 Bh5 25. Bxh5 Nxh5 26. Rh3 Qg6 27. Rc2 Rae8 28. Ra2 Re6 29. Bd2 Qh6 30. Be1 Rg6 31. Ke2 Rg4 32. Bf2 Qg6 33. Qe1 Re8 34. Kd2 Re6 35. Kc3 Qe8 36. Ra3 Reg6 37. Ra2 Bd8 38. Kb3 Bf6 39. Re2 Qd8 40. Ra2 Kg8 41. Rc2 Be7 42. Ra2 Kf7 43. Rc2 Ke8 44. Ra2 Kd7 45. Rc2 Rf6 46. Ra2 Rf8 47. Rc2 Qe8 48. Ra2 Qf7 49. Rc2 Rg6 50. Ra2 Bd8 51. Qe2 Rg4 52. Qe1 Re8 53. Rc2 Rh8 54. Ra2 Rg8 55. Rc2 Bc7 56. Ra2 Qg6 57. Rc2 Qe6 58. Ra2 Qf7 59. Rc2 Bd8 60. Ra2 Ke8 61. Rc2 Rg6 62. Qe2 Rg4 63. Qe1 Qe6 64. Ra2 Rg6 65. Qe2 Rh6 66. Qe1 Nf6 67. Rc2 Ng4 68. Rh1 Rh5 69. Qe2 Bc7 70. Be1 1/2-1/2